<?xml version="1.0" encoding="UTF-8"?>
<record
    xmlns:xsi="http://www.w3.org/2001/XMLSchema-instance"
    xsi:schemaLocation="http://www.loc.gov/MARC21/slim http://www.loc.gov/standards/marcxml/schema/MARC21slim.xsd"
    xmlns="http://www.loc.gov/MARC21/slim">

  <leader>00585nam a2200205Ia 4500</leader>
  <controlfield tag="001">14928</controlfield>
  <controlfield tag="003">GE_BSU</controlfield>
  <controlfield tag="008">181216s||||||||xx |||||||||||||| ||und||</controlfield>
  <datafield tag="040" ind1=" " ind2=" ">
    <subfield code="c">GE_BSU</subfield>
  </datafield>
  <datafield tag="080" ind1=" " ind2=" ">
    <subfield code="a">511.5+512.7</subfield>
  </datafield>
  <datafield tag="100" ind1=" " ind2=" ">
    <subfield code="a">&#x411;&#x430;&#x448;&#x43C;&#x430;&#x43A;&#x43E;&#x432;&#x430;,&#x418;.&#x413;.</subfield>
  </datafield>
  <datafield tag="245" ind1=" " ind2=" ">
    <subfield code="a">&#x414;&#x438;&#x43E;&#x444;&#x430;&#x43D;&#x442; &#x438; &#x434;&#x438;&#x43E;&#x444;&#x430;&#x43D;&#x442;&#x43E;&#x432;&#x44B; &#x443;&#x440;&#x430;&#x432;&#x43D;&#x435;&#x43D;&#x438;&#x44F;</subfield>
  </datafield>
  <datafield tag="245" ind1=" " ind2=" ">
    <subfield code="c">&#x420;&#x435;&#x434;.&#x41D;.&#x41D;.&#x413;&#x435;&#x43D;&#x434;&#x440;&#x438;&#x445;&#x441;&#x43E;&#x43D;. &#x424;.&#x418;.&#x41A;&#x438;&#x437;&#x43D;&#x435;&#x440;</subfield>
  </datafield>
  <datafield tag="260" ind1=" " ind2=" ">
    <subfield code="a">&#x41C;&#x43E;&#x441;&#x43A;&#x432;&#x430;</subfield>
  </datafield>
  <datafield tag="260" ind1=" " ind2=" ">
    <subfield code="b">&#x41D;&#x430;&#x443;&#x43A;&#x430;</subfield>
  </datafield>
  <datafield tag="260" ind1=" " ind2=" ">
    <subfield code="c">1972</subfield>
  </datafield>
  <datafield tag="300" ind1=" " ind2=" ">
    <subfield code="a">66&#x441;&#x442;&#x440;.20&#x441;&#x43C;.</subfield>
  </datafield>
  <datafield tag="653" ind1=" " ind2=" ">
    <subfield code="a">&#x414;&#x438;&#x43E;&#x444;&#x430;&#x43D;&#x442; &#x438; &#x434;&#x438;&#x43E;&#x444;&#x430;&#x43D;&#x442;&#x43E;&#x432;&#x44B; &#x443;&#x440;&#x430;&#x432;&#x43D;&#x435;&#x43D;&#x438;&#x44F;</subfield>
  </datafield>
  <datafield tag="942" ind1=" " ind2=" ">
    <subfield code="c">BK</subfield>
  </datafield>
  <datafield tag="999" ind1=" " ind2=" ">
    <subfield code="c">48048</subfield>
    <subfield code="d">48048</subfield>
  </datafield>
  <datafield tag="952" ind1=" " ind2=" ">
    <subfield code="0">0</subfield>
    <subfield code="1">0</subfield>
    <subfield code="4">0</subfield>
    <subfield code="7">0</subfield>
    <subfield code="9">62883</subfield>
    <subfield code="d">2018-12-17</subfield>
    <subfield code="p">15369</subfield>
    <subfield code="r">2018-12-17</subfield>
    <subfield code="w">2018-12-17</subfield>
    <subfield code="y">BK</subfield>
  </datafield>
  <datafield tag="952" ind1=" " ind2=" ">
    <subfield code="0">0</subfield>
    <subfield code="1">0</subfield>
    <subfield code="4">0</subfield>
    <subfield code="7">0</subfield>
    <subfield code="9">62884</subfield>
    <subfield code="d">2018-12-17</subfield>
    <subfield code="p">16102</subfield>
    <subfield code="r">2018-12-17</subfield>
    <subfield code="w">2018-12-17</subfield>
    <subfield code="y">BK</subfield>
  </datafield>
</record>
